Statistiques concernant Table de 17

Cliquez ici pour prendre le quiz!

Statistiques générales

  • Ce quiz a été pris 79 fois
  • Le résultat moyen est 14 sur 20

Statistiques - réponses

HintRéponse% Correct
17 x 117
100%
17 x 234
100%
17 x 468
100%
17 x 351
95%
17 x 6102
86%
17 x 7119
86%
17 x 8136
86%
17 x 585
86%
17 x 9153
82%
17 x 10170
77%
17 x 11187
73%
17 x 12204
68%
17 x 13221
64%
17 x 14238
64%
17 x 15255
59%
17 x 16272
41%
17 x 17289
27%
17 x 18306
27%
17 x 20340
27%
17 x 19323
23%

Distribution des résultats

Percentile par nombre de réponses

% des personnes avec chaque résultat

Votre développement - résultats

Vous n’avez pas pris ce quiz